CCNA self-study : CCNA ICND exam certification guide

সংরক্ষণ করুন:
গ্রন্থ-পঞ্জীর বিবরন
বিন্যাস: গ্রন্থ
ভাষা:Undetermined
প্রকাশিত: Indianapolis, IN Cisco Press 2004
বিষয়গুলি:
ট্যাগগুলো: ট্যাগ যুক্ত করুন
কোনো ট্যাগ নেই, প্রথমজন হিসাবে ট্যাগ করুন!
Thư viện lưu trữ: Trung tâm Học liệu Trường Đại học Cần Thơ
LEADER 00553nam a2200181Ia 4500
001 CTU_80472
008 210402s9999 xx 000 0 und d
082 |a 004.65 
082 |b C579 
245 0 |a CCNA self-study : 
245 0 |b CCNA ICND exam certification guide 
245 0 |c Wendell Odom 
260 |a Indianapolis, IN 
260 |b Cisco Press 
260 |c 2004 
650 |a Local area networks ( computer networks ),Network analysis ( computer programs ) 
904 |i Tuyến,Hải 
980 |a Trung tâm Học liệu Trường Đại học Cần Thơ